|
|
|
|
| LEADER |
01060nab a2200277 i 4500 |
| 001 |
publ21791 |
| 005 |
20210702152728.0 |
| 008 |
210702s2021 hu o 0|| zxx d |
| 022 |
|
|
|a 1661-6596
|
| 024 |
7 |
|
|a 10.3390/ijms22094822
|2 doi
|
| 024 |
7 |
|
|a 32024316
|2 mtmt
|
| 040 |
|
|
|a SZTE Publicatio Repozitórium
|b hun
|
| 041 |
|
|
|a zxx
|
| 100 |
1 |
|
|a Kovács Viktória
|
| 245 |
1 |
4 |
|a The Kynurenic Acid Analog SZR72 Enhances Neuronal Activity after Asphyxia but Is Not Neuroprotective in a Translational Model of Neonatal Hypoxic Ischemic Encephalopathy
|h [elektronikus dokumentum] /
|c Kovács Viktória
|
| 260 |
|
|
|c 2021
|
| 300 |
|
|
|a Terjedelem: 19-Azonosító: 4822
|
| 490 |
0 |
|
|a INTERNATIONAL JOURNAL OF MOLECULAR SCIENCES
|v 22 No. 9
|
| 700 |
0 |
1 |
|a Remzső Gábor
|e aut
|
| 700 |
0 |
1 |
|a Körmöczi Tímea
|e aut
|
| 700 |
0 |
1 |
|a Berkecz Róbert
|e aut
|
| 700 |
0 |
2 |
|a Tóth-Szűki Valéria
|e aut
|
| 700 |
0 |
2 |
|a Pénzes Andrea
|e aut
|
| 700 |
0 |
2 |
|a Vécsei László
|e aut
|
| 700 |
0 |
2 |
|a Domoki Ferenc
|e aut
|
| 856 |
4 |
0 |
|u http://publicatio.bibl.u-szeged.hu/21791/1/4.pdf
|z Dokumentum-elérés
|